[Event "Joao Pessoa de Assis Memorial 3rd"]
[Site "Joao Pessoa"]
[Date "2023.10.22"]
[Round "5"]
[White "Da Silva Tomaz, Luiz Antonio"]
[Black "Cilento, Lucas Geraldo"]
[Result "1-0"]
[WhiteElo "2044"]
[BlackElo "1944"]
[PlyCount "115"]
[EventDate "2023.10.20"]
[EventType "swiss"]
[EventRounds "6"]
[EventCountry "BRA"]
[SourceTitle "Mega2024 Update 01"]
[Source "Chessbase"]
[SourceDate "2023.11.12"]
[SourceVersion "1"]
[SourceVersionDate "2023.11.12"]
[SourceQuality "1"]

1. d4 Nf6 2. c4 g6 3. g3 c5 4. Nf3 Bg7 5. Bg2 0-0 6. 0-0 cxd4 7. Nxd4 Nc6 8. Nc2 d6 9. Nc3 Be6 10. b3 Qd7 11. Re1 Bh3 12. Bh1 Ng4 13. Qd2 h5 14. f3 Nh6 15. Bb2 Nf5 16. e3 Rad8 17. Rad1 e6 18. Ba1 e5 19. Ne4 Qc8 20. Nf2 Nfe7 21. Nxh3 Qxh3 22. Bg2 Qe6 23. Nb4 Nxb4 24. Qxb4 b6 25. Qa3 a5 26. Qa4 d5 27. Bf1 dxc4 28. Qxc4 Qxc4 29. Bxc4 Nc6 30. a3 Rxd1 31. Rxd1 Rd8 32. Rxd8+ Nxd8 33. Bd5 Kf8 34. Bc3 Ke7 35. f4 f6 36. Kf2 Kd6 37. e4 Ne6 38. Bd2 exf4 39. gxf4 f5 40. Ba8 Bd4+ 41. Kg3 fxe4 42. Bxe4 Nf8 43. Bc1 Ke6 44. Kf3 Bc5 45. Ke2 b5 46. Kd3 h4 47. h3 Bd6 48. a4 bxa4 49. bxa4 Nd7 50. Kc4 Kf7 51. Bd2 Nf6 52. Bf3 Bc7 53. Kb5 Ne8 54. Kc6 Bd8 55. Kd7 Bb6 56. Be1 Nf6+ 57. Kc6 Bd8 58. Bxh4 1-0

[Event "Joao Pessoa de Assis Memorial 3rd"]
[Site "Joao Pessoa"]
[Date "2023.10.21"]
[Round "4"]
[White "Boabaid, Jorge Alberto Duard"]
[Black "Cilento, Lucas Geraldo"]
[Result "0-1"]
[WhiteElo "1763"]
[BlackElo "1944"]
[PlyCount "76"]
[EventDate "2023.10.20"]
[EventType "swiss"]
[EventRounds "6"]
[EventCountry "BRA"]
[SourceTitle "Mega2024 Update 01"]
[Source "Chessbase"]
[SourceDate "2023.11.12"]
[SourceVersion "1"]
[SourceVersionDate "2023.11.12"]
[SourceQuality "1"]

1. e4 c5 2. Nf3 e6 3. d4 cxd4 4. Nxd4 Nf6 5. Bd3 Nc6 6. c3 d5 7. Nxc6 bxc6 8. e5 Nd7 9. Qe2 Qc7 10. f4 Bc5 11. Nd2 Bb7 12. Nf3 0-0-0 13. b4 Bb6 14. a4 a5 15. Be3 c5 16. Bb5 Kb8 17. 0-0 f6 18. Rab1 Ka8 19. Bxd7 Rxd7 20. bxc5 Bxc5 21. Nd4 Re7 22. Nb5 Qb6 23. Nd4 Qc7 24. Nb3 Bxe3+ 25. Qxe3 Rc8 26. Rfc1 g5 27. g3 gxf4 28. gxf4 fxe5 29. Qxe5 Qxe5 30. fxe5 d4 31. Kf2 Rf7+ 32. Ke2 Ba6+ 33. Kd1 Rf1+ 34. Kc2 Rf2+ 35. Kd1 dxc3 36. Na1 Rg8 37. Nc2 Rg1+ 38. Ne1 Rd2# 0-1

[Event "Recife PE23 Gr B"]
[Site "Recife"]
[Date "2023.04.08"]
[Round "4"]
[White "Cilento, Lucas Geraldo"]
[Black "Marques, Eudes Pinto"]
[Result "1-0"]
[WhiteElo "1889"]
[BlackElo "1871"]
[PlyCount "87"]
[EventDate "2023.04.06"]
[EventType "tourn"]
[EventRounds "7"]
[EventCountry "BRA"]
[SourceTitle "EXT 2024"]
[Source "ChessBase"]
[SourceDate "2023.10.10"]
[SourceVersion "1"]
[SourceVersionDate "2023.10.10"]
[SourceQuality "1"]

1. e4 c5 2. Nf3 e6 3. d4 cxd4 4. Nxd4 Nf6 5. Nc3 Nc6 6. Ndb5 d6 7. Bf4 e5 8. Bg5 a6 9. Na3 Be6 10. Nc4 Be7 11. Bxf6 gxf6 12. Ne3 Qa5 13. Qd2 Nd4 14. Ncd5 Qxd2+ 15. Kxd2 Bxd5 16. Nxd5 Rc8 17. c3 Ne6 18. g3 Nc7 19. Bh3 Ne6 20. b4 Bd8 21. a4 Rb8 22. Bf1 Nc7 23. Ne3 Ne6 24. Nf5 Bc7 25. Bc4 Kf8 26. a5 h6 27. Ke2 Ng7 28. Ne3 Ne6 29. Rhd1 Ng5 30. f3 Ne6 31. Nf5 Rd8 32. Bd5 Rb8 33. Rab1 Ng7 34. Ne3 Ke7 35. Bc4 Rhc8 36. Nd5+ Kf8 37. Nxf6 Bd8 38. Nd7+ Ke7 39. Nxb8 Rxc4 40. b5 Bc7 41. bxa6 bxa6 42. Nxa6 Ne6 43. Nxc7 Rxc7 44. a6 1-0

[Event "Recife PE23 Gr B"]
[Site "Recife"]
[Date "2023.04.07"]
[Round "2"]
[White "Cilento, Lucas Geraldo"]
[Black "Batista, Davi de Azevedo"]
[Result "1-0"]
[WhiteElo "1889"]
[BlackElo "1874"]
[PlyCount "91"]
[EventDate "2023.04.06"]
[EventType "tourn"]
[EventRounds "7"]
[EventCountry "BRA"]
[SourceTitle "EXT 2024"]
[Source "ChessBase"]
[SourceDate "2023.10.10"]
[SourceVersion "1"]
[SourceVersionDate "2023.10.10"]
[SourceQuality "1"]

1. e4 c5 2. Nc3 Nc6 3. Nf3 e6 4. d4 cxd4 5. Nxd4 a6 6. Be2 Nge7 7. 0-0 d5 8. exd5 exd5 9. Re1 Nxd4 10. Qxd4 Be6 11. Bf3 Qa5 12. Bd2 0-0-0 13. Na4 Nc6 14. Bxa5 Nxd4 15. Bxd8 Nxf3+ 16. gxf3 Kxd8 17. Rad1 Kc7 18. Nc3 Bb4 19. Re3 d4 20. Rxd4 Bc5 21. Rxe6 Bxd4 22. Re7+ Kc6 23. Rxf7 Bf6 24. Kf1 Re8 25. Nd1 Rd8 26. Ke2 Rd5 27. Ne3 Rh5 28. b3 Ra5 29. a4 h5 30. f4 b5 31. axb5+ Rxb5 32. Kd3 a5 33. Ra7 Kb6 34. Rd7 Kc6 35. Ra7 Kb6 36. Ra8 Kb7 37. Rh8 Rc5 38. c4 h4 39. Nd5 Bb2 40. Rxh4 Rc6 41. Rg4 Rh6 42. h4 Kc6 43. Nc3 g6 44. Ne4 Ba3 45. Nf6 Be7 46. Ng8 1-0

[Event "Recife PE23 Gr B"]
[Site "Recife"]
[Date "2023.04.06"]
[Round "1"]
[White "Ferreira, Rafael Emiliano"]
[Black "Cilento, Lucas Geraldo"]
[Result "0-1"]
[WhiteElo "1847"]
[BlackElo "1889"]
[PlyCount "72"]
[EventDate "2023.04.06"]
[EventType "tourn"]
[EventRounds "7"]
[EventCountry "BRA"]
[SourceTitle "EXT 2024"]
[Source "ChessBase"]
[SourceDate "2023.10.10"]
[SourceVersion "1"]
[SourceVersionDate "2023.10.10"]
[SourceQuality "1"]

1. d4 Nf6 2. c4 g6 3. Nc3 Bg7 4. Bg5 0-0 5. Nf3 d6 6. e3 c5 7. d5 b5 8. cxb5 a6 9. bxa6 Qa5 10. Be2 Ne4 11. 0-0 Bxc3 12. bxc3 Nxc3 13. Qd2 Nxe2+ 14. Qxe2 Bxa6 15. Qb2 f6 16. Bh6 Bxf1 17. Bxf8 Kxf8 18. Kxf1 Nd7 19. g4 Qa6+ 20. Qe2 Nb6 21. e4 Qxe2+ 22. Kxe2 Ra3 23. Nd2 Na4 24. Nb1 Rh3 25. Nd2 Rxh2 26. Rc1 Rh3 27. f3 h5 28. gxh5 gxh5 29. Rc4 Nb6 30. Rc3 c4 31. Nf1 f5 32. exf5 Rh4 33. Ra3 Nxd5 34. Ra8+ Kg7 35. a4 c3 36. a5 Rc4 0-1

[Event "Joao Pessoa op"]
[Site "Joao Pessoa"]
[Date "2023.03.18"]
[Round "4"]
[White "Cilento, Lucas Geraldo"]
[Black "Bulhoes, Benicio Rocha"]
[Result "1-0"]
[WhiteElo "1874"]
[BlackElo "1547"]
[PlyCount "53"]
[EventDate "2023.03.17"]
[EventType "swiss"]
[EventRounds "6"]
[EventCountry "BRA"]
[SourceTitle "EXT 2024"]
[Source "ChessBase"]
[SourceDate "2023.10.10"]
[SourceVersion "1"]
[SourceVersionDate "2023.10.10"]
[SourceQuality "1"]

1. e4 c5 2. Nf3 g6 3. d4 cxd4 4. Nxd4 Nc6 5. Nc3 Nf6 6. Be3 Bg7 7. Bc4 Ng4 8. Qxg4 Nxd4 9. Qd1 Nc6 10. Qd2 Qa5 11. 0-0-0 h5 12. Bb3 d6 13. Kb1 0-0 14. h3 Bd7 15. g4 hxg4 16. hxg4 Bxg4 17. Rdg1 Ne5 18. Nd5 Qd8 19. f4 Nf3 20. Qg2 Nxg1 21. Qxg4 e6 22. Nc3 Qf6 23. Qxg1 a5 24. e5 dxe5 25. Ne4 Qe7 26. Bc5 Qc7 27. Qh2 1-0

[Event "Pernambuco Magistral Gr-A"]
[Site "Recife"]
[Date "2021.11.12"]
[Round "6"]
[White "Fernandes, Pedro Guilherme Mun"]
[Black "Cilento, Lucas Geraldo"]
[Result "1-0"]
[WhiteElo "1682"]
[BlackElo "1952"]
[PlyCount "77"]
[EventDate "2021.10.09"]
[EventType "tourn"]
[EventRounds "7"]
[EventCountry "BRA"]
[SourceTitle "EXT 2023"]
[Source "ChessBase"]
[SourceDate "2022.10.05"]
[SourceVersion "1"]
[SourceVersionDate "2022.10.05"]
[SourceQuality "1"]

1. Nf3 Nf6 2. g3 g6 3. Bg2 Bg7 4. 0-0 0-0 5. c4 c5 6. Nc3 Nc6 7. e3 d6 8. d4 Bd7 9. a3 Qc8 10. Qc2 Bf5 11. e4 cxd4 12. exf5 dxc3 13. fxg6 hxg6 14. Qxc3 Nd7 15. Qc2 Nce5 16. Bg5 Re8 17. Rac1 Nxf3+ 18. Bxf3 Ne5 19. Bg2 Rb8 20. Qa4 Nd3 21. Rc2 Nxb2 22. Qb3 Qf5 23. Be3 Nd3 24. Bxa7 Nc5 25. Qa2 Ra8 26. Bxc5 Qxc5 27. a4 Ra7 28. Rb1 Rea8 29. Qb3 Rxa4 30. Qxb7 R8a7 31. Qb5 Bd4 32. Qe8+ Kg7 33. Bd5 e6 34. Rb8 Ra1+ 35. Kg2 Kh6 36. Qd8 g5 37. h4 gxh4 38. Qxh4+ Kg6 39. Rg8+ 1-0

[Event "BRA-ch 87th"]
[Site "Cuiaba"]
[Date "2021.11.04"]
[Round "11"]
[White "Da Silva Santos, Jarlison"]
[Black "Cilento, Lucas Geraldo"]
[Result "1-0"]
[WhiteElo "1774"]
[BlackElo "1952"]
[PlyCount "91"]
[EventDate "2021.10.28"]
[EventType "swiss"]
[EventRounds "11"]
[EventCountry "BRA"]
[SourceTitle "CBM 205 Extra"]
[Source "ChessBase"]
[SourceDate "2022.01.31"]
[SourceVersion "1"]
[SourceVersionDate "2022.01.31"]
[SourceQuality "1"]

1. e4 c5 2. Nf3 Nc6 3. c3 Nf6 4. e5 Nd5 5. Bc4 Nb6 6. Bb3 c4 7. Bc2 Qc7 8. Qe2 g6 9. d4 cxd3 10. Bxd3 Bg7 11. Bf4 Nd5 12. Bg3 e6 13. 0-0 b6 14. Na3 0-0 15. Nb5 Qb8 16. Nd6 Nd8 17. Ba6 Bxa6 18. Qxa6 Nc7 19. Qd3 Nb7 20. Nxb7 Qxb7 21. Qxd7 Rad8 22. Qa4 Rd5 23. Rfd1 Rfd8 24. Rxd5 Qxd5 25. h3 a5 26. Qd4 Qxd4 27. Nxd4 Rd5 28. f4 g5 29. Re1 gxf4 30. Bxf4 Na6 31. Nf3 Nc5 32. Re2 Nd3 33. Bg3 Nc1 34. Rd2 Rxd2 35. Nxd2 Nxa2 36. Nc4 a4 37. Nxb6 a3 38. bxa3 Nxc3 39. a4 Ne2+ 40. Kf2 Nxg3 41. Kxg3 Bxe5+ 42. Kf3 Bc3 43. Nc4 f5 44. a5 e5 45. a6 e4+ 46. Ke3 1-0

[Event "BRA-ch 87th"]
[Site "Cuiaba"]
[Date "2021.11.03"]
[Round "10"]
[White "Cilento, Lucas Geraldo"]
[Black "Cardoso, Lucca Pimenta"]
[Result "1-0"]
[WhiteElo "1952"]
[BlackElo "1690"]
[PlyCount "63"]
[EventDate "2021.10.28"]
[EventType "swiss"]
[EventRounds "11"]
[EventCountry "BRA"]
[SourceTitle "CBM 205 Extra"]
[Source "ChessBase"]
[SourceDate "2022.01.31"]
[SourceVersion "1"]
[SourceVersionDate "2022.01.31"]
[SourceQuality "1"]

1. e4 c5 2. Nf3 e6 3. d4 cxd4 4. Nxd4 Nf6 5. Nc3 Nc6 6. Ndb5 d6 7. Bf4 e5 8. Bg5 a6 9. Na3 Be7 10. Bxf6 Bxf6 11. Nc4 Be7 12. Nd5 Be6 13. Ncb6 Rb8 14. c3 0-0 15. Bd3 f5 16. exf5 Bxf5 17. Bxf5 Rxf5 18. Qg4 Rg5 19. Qe6+ Kh8 20. g3 Rg6 21. Qf5 Qf8 22. Qe4 Qf7 23. 0-0 Qe6 24. Rae1 Qh3 25. f4 Bf6 26. f5 Rh6 27. Rf2 Bd8 28. Nd7 Rc8 29. Nf4 d5 30. Nxd5 Rd6 31. Nxe5 Bf6 32. Nf7+ 1-0

[Event "BRA-ch 87th"]
[Site "Cuiaba"]
[Date "2021.11.01"]
[Round "7"]
[White "Lima, Vinicius Taishun"]
[Black "Cilento, Lucas Geraldo"]
[Result "1-0"]
[WhiteElo "1788"]
[BlackElo "1952"]
[PlyCount "145"]
[EventDate "2021.10.28"]
[EventType "swiss"]
[EventRounds "11"]
[EventCountry "BRA"]
[SourceTitle "CBM 205 Extra"]
[Source "ChessBase"]
[SourceDate "2022.01.31"]
[SourceVersion "1"]
[SourceVersionDate "2022.01.31"]
[SourceQuality "1"]

1. e4 c5 2. Nf3 a6 3. Nc3 e6 4. d4 cxd4 5. Nxd4 Nc6 6. Nxc6 bxc6 7. e5 Ne7 8. Bd3 Ng6 9. Qe2 Qc7 10. f4 d5 11. 0-0 c5 12. b3 Be7 13. Nd1 Bb7 14. c4 dxc4 15. Bxc4 Nh4 16. Ne3 g6 17. Bb2 Qc6 18. Rad1 Nf5 19. Nxf5 gxf5 20. Rf3 Rg8 21. Rg3 Rxg3 22. hxg3 Rd8 23. Rxd8+ Bxd8 24. Bc3 Kd7 25. Kh2 Kc8 26. Qd2 Bc7 27. Bf1 Bb6 28. Qd1 c4 29. bxc4 Qc5 30. Be2 Qf2 31. Qf1 Qc5 32. Bh5 Qa3 33. Bxf7 Qxc3 34. Bxe6+ Kb8 35. Bxf5 Qd2 36. Bxh7 Bf2 37. e6 Qe3 38. Qd3 Bxg3+ 39. Kh3 Bxg2+ 40. Kxg2 Qf2+ 41. Kh3 Qh2+ 42. Kg4 Qh4+ 43. Kf3 Qxf4+ 44. Ke2 Qg4+ 45. Kd2 Bf4+ 46. Kc2 Qg2+ 47. Kb3 Qb7+ 48. Kc3 Be5+ 49. Kc2 Qg2+ 50. Qd2 Qxd2+ 51. Kxd2 Bf6 52. Kd3 Kc7 53. c5 Be7 54. Kd4 Bf6+ 55. Kd5 Be7 56. Be4 Bf6 57. Kc4 Bh4 58. Kb4 Be7 59. Bd3 Kc6 60. Be4+ Kc7 61. a4 Bf8 62. Ka5 Bxc5 63. Kxa6 Kd6 64. Kb5 Be3 65. Bd5 Bg5 66. Bb3 Kc7 67. Kc5 Be3+ 68. Kd5 Bf2 69. Bc4 Bh4 70. Bb5 Be7 71. Ke5 Kb6 72. Kf5 Kc7 73. Kg6 1-0

[Event "BRA-ch 87th"]
[Site "Cuiaba"]
[Date "2021.10.29"]
[Round "2"]
[White "Cilento, Lucas Geraldo"]
[Black "Guimaraes, Diogo Duarte"]
[Result "0-1"]
[WhiteElo "1952"]
[BlackElo "2264"]
[PlyCount "78"]
[EventDate "2021.10.28"]
[EventType "swiss"]
[EventRounds "11"]
[EventCountry "BRA"]
[SourceTitle "CBM 205 Extra"]
[Source "ChessBase"]
[SourceDate "2022.01.31"]
[SourceVersion "1"]
[SourceVersionDate "2022.01.31"]
[SourceQuality "1"]

1. e4 e5 2. Nf3 Nc6 3. Bb5 Nf6 4. 0-0 Nxe4 5. d4 Be7 6. dxe5 0-0 7. Qe2 d5 8. Nc3 Nxc3 9. bxc3 Bg4 10. Bxc6 bxc6 11. h3 Bh5 12. g4 Bg6 13. Nd4 Qd7 14. f4 Be4 15. Be3 c5 16. Nb3 Qc6 17. Qf2 c4 18. Nd4 Qh6 19. Kh2 c5 20. Nf5 Bxf5 21. gxf5 Qh5 22. f6 gxf6 23. Rg1+ Kh8 24. exf6 Bxf6 25. Bxc5 Rg8 26. Bd4 Qf5 27. Bxf6+ Qxf6 28. Qd4 Qxd4 29. cxd4 Rae8 30. Rge1 Rxe1 31. Rxe1 Rb8 32. Re7 Rb2 33. Rxa7 Rxc2+ 34. Kg3 Rd2 35. a4 Rxd4 36. a5 c3 37. a6 Ra4 38. Rc7 d4 39. a7 Rxa7 0-1

[Event "BRA-ch 87th"]
[Site "Cuiaba"]
[Date "2021.10.28"]
[Round "1"]
[White "Marquezini, Paulo Eduardo Seben"]
[Black "Cilento, Lucas Geraldo"]
[Result "0-1"]
[WhiteElo "1760"]
[BlackElo "1952"]
[PlyCount "60"]
[EventDate "2021.10.28"]
[EventType "swiss"]
[EventRounds "11"]
[EventCountry "BRA"]
[SourceTitle "CBM 205 Extra"]
[Source "ChessBase"]
[SourceDate "2022.01.31"]
[SourceVersion "1"]
[SourceVersionDate "2022.01.31"]
[SourceQuality "1"]

1. e4 c5 2. Nf3 a6 3. d4 cxd4 4. Nxd4 Nf6 5. Nc3 e5 6. Nf3 Bb4 7. Bd3 Nc6 8. 0-0 d6 9. Nd5 Nxd5 10. exd5 Ne7 11. Bc4 b5 12. Bb3 0-0 13. a3 Bc5 14. Be3 Qb6 15. Qd3 Bf5 16. Qd2 Rac8 17. Rad1 Bg6 18. c3 h6 19. Nh4 Bh5 20. Rde1 Bxe3 21. fxe3 f5 22. Kh1 g5 23. Nf3 Kg7 24. h3 Qb7 25. Rg1 Rc5 26. g4 fxg4 27. hxg4 Rxf3 28. gxh5 Nxd5 29. Kh2 Qf7 30. Kg2 Qxh5 0-1

[Event "BRA-ch U26"]
[Site "Goiania"]
[Date "2017.10.20"]
[Round "2"]
[White "Cilento, Lucas Geraldo"]
[Black "Marques, Joao Paulo Cassemir"]
[Result "0-1"]
[WhiteElo "1963"]
[BlackElo "2245"]
[PlyCount "120"]
[EventDate "2017.10.19"]
[EventType "swiss"]
[EventRounds "7"]
[EventCountry "BRA"]
[SourceTitle "CBM 181 Extra"]
[Source "ChessBase"]
[SourceDate "2017.12.12"]
[SourceVersion "1"]
[SourceVersionDate "2017.12.12"]
[SourceQuality "1"]

1. e4 c5 2. Nf3 Nc6 3. d4 cxd4 4. Nxd4 Nf6 5. Nc3 e5 6. Ndb5 d6 7. Bg5 a6 8. Na3 b5 9. Nd5 Be7 10. Bxf6 Bxf6 11. c3 Ne7 12. Nc2 Nxd5 13. Qxd5 Rb8 14. Nb4 Bb7 15. Qd3 0-0 16. g3 a5 17. Nd5 Bxd5 18. Qxd5 b4 19. Bc4 bxc3 20. bxc3 Rc8 21. Bb3 Rxc3 22. 0-0 Rc5 23. Qb7 Qc8 24. Qxc8 Rfxc8 25. Rad1 R5c6 26. Bd5 R6c7 27. Rb1 Bd8 28. Bb7 Rb8 29. Bd5 Rxb1 30. Rxb1 Kf8 31. Rb7 Rc1+ 32. Kg2 Bc7 33. h3 g6 34. g4 h6 35. Bb3 Ke7 36. Bd5 Rc3 37. Rb3 Rc2 38. Rf3 f6 39. Rb3 f5 40. gxf5 gxf5 41. exf5 Kf6 42. Be6 e4 43. Bd5 Ke5 44. f6 Kxf6 45. Bxe4 Rxa2 46. Rb7 Bd8 47. Kg3 Ke5 48. Bb1 Ra3+ 49. Kg4 Ra4+ 50. Kg3 d5 51. Bc2 Bh4+ 52. Kg2 Rf4 53. f3 Rd4 54. Bg6 Rd2+ 55. Kg1 a4 56. Rb4 Bf2+ 57. Kf1 a3 58. f4+ Kf6 59. h4 a2 60. Ra4 Bd4 0-1

[Event "Santa Cruz Regional Norte zt"]
[Site "Santa Cruz"]
[Date "2017.05.07"]
[Round "5"]
[White "Macedo, Alexandre Soares"]
[Black "Cilento, Lucas Geraldo"]
[Result "1-0"]
[WhiteElo "1856"]
[BlackElo "1968"]
[PlyCount "60"]
[EventDate "2017.05.05"]
[EventType "swiss"]
[EventRounds "6"]
[EventCountry "BRA"]
[SourceTitle "EXT 2018"]
[Source "ChessBase"]
[SourceDate "2017.10.13"]
[SourceVersion "1"]
[SourceVersionDate "2017.10.13"]
[SourceQuality "1"]

1. b4 e5 2. a3 d5 3. Bb2 f6 4. e3 Be6 5. d3 c5 6. b5 Qa5+ 7. Bc3 Qc7 8. d4 Bd6 9. Nf3 Nd7 10. Be2 Ne7 11. dxe5 fxe5 12. Ng5 Bg8 13. Bg4 Nf8 14. Qf3 e4 15. Qh3 Be5 16. 0-0 Bxc3 17. Nxc3 Qe5 18. Ncxe4 dxe4 19. f4 Qc7 20. Nxe4 Nd5 21. Rad1 Qe7 22. Qf3 Rd8 23. Bh3 Ng6 24. g3 c4 25. Rd4 Bf7 26. Ng5 0-0 27. Re4 Qc5 28. Nxf7 Kxf7 29. Be6+ Kf6 30. Qh5 Nge7 1-0

[Event "Santa Cruz Regional Norte zt"]
[Site "Santa Cruz"]
[Date "2017.05.06"]
[Round "4"]
[White "Simao, Diogo Roger De Sous"]
[Black "Cilento, Lucas Geraldo"]
[Result "1/2-1/2"]
[WhiteElo "1984"]
[BlackElo "1968"]
[PlyCount "104"]
[EventDate "2017.05.05"]
[EventType "swiss"]
[EventRounds "6"]
[EventCountry "BRA"]
[SourceTitle "EXT 2018"]
[Source "ChessBase"]
[SourceDate "2017.10.13"]
[SourceVersion "1"]
[SourceVersionDate "2017.10.13"]
[SourceQuality "1"]

1. d4 Nf6 2. Bg5 e6 3. c3 c5 4. e3 cxd4 5. exd4 Be7 6. Nd2 0-0 7. Ngf3 d6 8. Bc4 Nbd7 9. 0-0 Rb8 10. Re1 b5 11. Bb3 Re8 12. Bh4 Nf8 13. Bg3 Nh5 14. Ne5 Nxg3 15. Nc6 Qc7 16. Nxe7+ Qxe7 17. hxg3 Bb7 18. Bc2 Qd8 19. Be4 Bxe4 20. Rxe4 d5 21. Re3 b4 22. b3 bxc3 23. Rxc3 Rc8 24. Rac1 Rxc3 25. Rxc3 Qa5 26. Qc2 e5 27. dxe5 Rxe5 28. Nf3 Re2 29. Qxe2 Qxc3 30. Qd2 Qc5 31. Ne5 f6 32. b4 Qd6 33. Nf3 Ne6 34. Nd4 Nxd4 35. Qxd4 Qd7 36. g4 Kf7 37. g3 a6 38. a3 Ke6 39. g5 Qc6 40. gxf6 gxf6 41. Qg4+ Kf7 42. Qh5+ Kg7 43. Qg4+ Kf7 44. Qd4 Qc1+ 45. Kh2 Qxa3 46. Qxd5+ Kg7 47. Qd4 Qf3 48. Kg1 Qe2 49. Kg2 Kf7 50. Qd7+ Kg8 51. Qd8+ Kg7 52. Qd4 Kf7 1/2-1/2

[Event "Joao Pessoa Fischer Memorial 8th"]
[Site "Joao Pessoa"]
[Date "2017.03.18"]
[Round "4"]
[White "Cilento, Lucas Geraldo"]
[Black "Ribeiro, Matheus Cavalcante"]
[Result "0-1"]
[WhiteElo "1958"]
[BlackElo "2142"]
[PlyCount "90"]
[EventDate "2017.03.17"]
[EventType "swiss"]
[EventRounds "6"]
[EventCountry "BRA"]
[SourceTitle "CBM 177 Extra"]
[Source "ChessBase"]
[SourceDate "2017.04.27"]
[SourceVersion "1"]
[SourceVersionDate "2017.04.27"]
[SourceQuality "1"]

1. e4 c5 2. Nf3 d6 3. d4 cxd4 4. Nxd4 Nf6 5. Nc3 a6 6. Bc4 e6 7. Bb3 Be7 8. 0-0 0-0 9. f4 Qc7 10. f5 e5 11. Nde2 Nbd7 12. Ng3 b5 13. Bg5 Bb7 14. Nh5 b4 15. Bxf6 Nxf6 16. Nxf6+ Bxf6 17. Nd5 Bxd5 18. Qxd5 a5 19. a4 Bg5 20. Rae1 Rac8 21. Rf3 Rfd8 22. Qd1 Qe7 23. Rd3 Qf6 24. Qf3 Qh6 25. g3 Bc1 26. Kg2 Bxb2 27. Rd5 Rc5 28. Rxc5 dxc5 29. Rd1 Bd4 30. Qd3 Qc6 31. Kf3 Rd7 32. Bc4 Rc7 33. Qb3 h5 34. Re1 Qh6 35. Qd3 h4 36. Rf1 Rc6 37. Kg2 Rd6 38. Qe2 h3+ 39. Kh1 Bc3 40. Rd1 Rxd1+ 41. Qxd1 Bd4 42. Bf1 Qe3 43. Bxh3 c4 44. Bg2 b3 45. cxb3 c3 0-1

[Event "Joao Pessoa Fischer Memorial 8th"]
[Site "Joao Pessoa"]
[Date "2017.03.17"]
[Round "2"]
[White "Cilento, Lucas Geraldo"]
[Black "Lemos, Dawton Almino"]
[Result "0-1"]
[WhiteElo "1958"]
[BlackElo "2169"]
[PlyCount "90"]
[EventDate "2017.03.17"]
[EventType "swiss"]
[EventRounds "6"]
[EventCountry "BRA"]
[SourceTitle "CBM 177 Extra"]
[Source "ChessBase"]
[SourceDate "2017.04.27"]
[SourceVersion "1"]
[SourceVersionDate "2017.04.27"]
[SourceQuality "1"]

1. e4 e6 2. d4 d5 3. Nd2 Nf6 4. e5 Nfd7 5. Bd3 c5 6. c3 Nc6 7. Ne2 cxd4 8. cxd4 f6 9. exf6 Nxf6 10. 0-0 Bd6 11. Nf3 0-0 12. Bg5 Qc7 13. Qc2 Nb4 14. Qxc7 Bxc7 15. Bb5 a6 16. Ba4 Nd3 17. Rab1 Ne4 18. Be3 b5 19. Bc2 Nb4 20. Bb3 Bb7 21. a3 Nc6 22. Rbc1 Bd6 23. Nd2 Nf6 24. Ba2 Ng4 25. h3 Nxe3 26. fxe3 Na5 27. e4 Nc4 28. Nxc4 dxc4 29. e5 Be7 30. Nf4 Bg5 31. g3 Rad8 32. Rcd1 Bxf4 33. Rxf4 g5 34. Rxf8+ Kxf8 35. Bb1 Kg7 36. Rd2 h5 37. Bc2 h4 38. g4 a5 39. Bd1 Be4 40. Be2 Rc8 41. Kf2 b4 42. axb4 axb4 43. Ke3 Bd5 44. Bf3 c3 45. Rd1 cxb2 0-1

[Event "Joao Pessoa Fischer Memorial 8th"]
[Site "Joao Pessoa"]
[Date "2017.03.17"]
[Round "1"]
[White "Da Silva, Gerson Lennon Cabra"]
[Black "Cilento, Lucas Geraldo"]
[Result "0-1"]
[WhiteElo "1347"]
[BlackElo "1958"]
[PlyCount "70"]
[EventDate "2017.03.17"]
[EventType "swiss"]
[EventRounds "6"]
[EventCountry "BRA"]
[SourceTitle "CBM 177 Extra"]
[Source "ChessBase"]
[SourceDate "2017.04.27"]
[SourceVersion "1"]
[SourceVersionDate "2017.04.27"]
[SourceQuality "1"]

1. Nf3 c5 2. g3 d5 3. Bg2 Nf6 4. 0-0 Nc6 5. d3 g6 6. Nbd2 Bg7 7. c4 0-0 8. cxd5 Nxd5 9. Ne4 b6 10. Rb1 Bb7 11. Bd2 h6 12. Nc3 Rc8 13. Qc1 Nd4 14. Re1 Nxc3 15. Nxd4 Bxg2 16. Kxg2 cxd4 17. bxc3 Qd5+ 18. f3 dxc3 19. Bxh6 Qxa2 20. Bxg7 Kxg7 21. Ra1 Qb2 22. Rxa7 Qb4 23. Qa3 Qd6 24. Rc1 Qe5 25. Rxe7 Qd4 26. Re4 Qf6 27. Kf2 b5 28. Qb3 Rc5 29. Kf1 Rfc8 30. Rf4 Qe7 31. Qb4 f6 32. Rxc3 Qe3 33. Rxc5 Rxc5 34. Kg2 Qxe2+ 35. Kh3 Qf1+ 0-1

[Event "Santa Cruz Potiguar-ch"]
[Site "Santa Cruz"]
[Date "2016.12.18"]
[Round "4"]
[White "Cilento, Lucas Geraldo"]
[Black "Barbosa, Antonio Atenilson"]
[Result "1-0"]
[WhiteElo "1944"]
[BlackElo "1908"]
[PlyCount "107"]
[EventDate "2016.12.17"]
[EventType "swiss"]
[EventRounds "5"]
[EventCountry "BRA"]
[SourceTitle "CBM 176 Extra"]
[Source "ChessBase"]
[SourceDate "2017.03.02"]
[SourceVersion "1"]
[SourceVersionDate "2017.03.02"]
[SourceQuality "1"]

1. e4 e5 2. Nf3 Nc6 3. Bb5 a6 4. Ba4 Nf6 5. 0-0 b5 6. Bb3 Be7 7. Re1 0-0 8. c3 d6 9. d4 exd4 10. cxd4 Bg4 11. Be3 Nxe4 12. Bd5 Nxf2 13. Bxf2 Bd7 14. Qc1 Qe8 15. Bxc6 Bxc6 16. Rxe7 Qxe7 17. Qxc6 Qe2 18. Qc1 b4 19. Nbd2 d5 20. Qf1 Qe6 21. Rc1 c6 22. Re1 Qf5 23. Rc1 Rfc8 24. Rc5 f6 25. Qc1 Qe6 26. Nb3 a5 27. Nxa5 Ra6 28. Qe1 Qf5 29. Qxb4 Qb1+ 30. Be1 Re8 31. h3 h5 32. Rxc6 Ra7 33. Kh2 Rae7 34. Bg3 Re2 35. Qd6 Qe4 36. Qf4 Qg6 37. Nh4 Qd3 38. Rc3 Qa6 39. Qc7 Rxb2 40. Nf5 Rxg2+ 41. Kxg2 Qe2+ 42. Bf2 Qe4+ 43. Rf3 Qxf5 44. Rxf5 Re2 45. Qc8+ Kf7 46. Rxh5 Rxa2 47. Rh8 Kg6 48. Qg4+ Kf7 49. Qd7+ Kg6 50. Qxd5 Rxa5 51. Qxa5 f5 52. d5 f4 53. Qb6+ Kg5 54. Bh4+ 1-0

[Event "Santa Cruz Potiguar-ch"]
[Site "Santa Cruz"]
[Date "2016.12.17"]
[Round "2"]
[White "Cilento, Lucas Geraldo"]
[Black "Torres, Eduardo Paschoal"]
[Result "1-0"]
[WhiteElo "1944"]
[BlackElo "1800"]
[PlyCount "45"]
[EventDate "2016.12.17"]
[EventType "swiss"]
[EventRounds "5"]
[EventCountry "BRA"]
[SourceTitle "CBM 176 Extra"]
[Source "ChessBase"]
[SourceDate "2017.03.02"]
[SourceVersion "1"]
[SourceVersionDate "2017.03.02"]
[SourceQuality "1"]

1. e4 e5 2. Nf3 d6 3. Bc4 h6 4. Nc3 Nf6 5. d4 exd4 6. Nxd4 c5 7. Nde2 Nc6 8. h3 Be7 9. Be3 Be6 10. Bxe6 fxe6 11. Nf4 Qd7 12. Ng6 Rg8 13. Qe2 0-0-0 14. 0-0-0 Qe8 15. Nf4 Qf7 16. Qc4 Nd4 17. Bxd4 Nxe4 18. Qxe6+ Qxe6 19. Nxe6 Nxc3 20. Bxc3 Rd7 21. Rd5 g5 22. Rhd1 Rg6 23. Nxc5 1-0